| 000 | 00527cam a2200205ua 4500 | ||
|---|---|---|---|
| 001 | 2372 | ||
| 005 | 20260515113459.0 | ||
| 008 | 110806n ii |||gr||||Z||||||eng | ||
| 020 | _a81-7729-181-5 | ||
| 040 | _cMAIN | ||
| 082 | _a327 | ||
| 100 | _aArora, Prem., | ||
| 245 | 0 |
_aForeighn policies of the major powers. _cBy Prem Arora. |
|
| 250 | _a1st. | ||
| 260 |
_aNew Delhi: _bCosmos., _c2001. |
||
| 300 |
_a333 p.: _c23 cm. |
||
| 653 | _aPolitical science. | ||
| 653 | _aForeign policies of the major powers. | ||
| 942 | _cBK | ||
| 999 |
_c2227 _d2227 |
||